| 000 | 00716nam a2200181Ia 4500 | ||
|---|---|---|---|
| 008 | 100921s9999 xx 000 0 und d | ||
| 082 |
_b23706 _a808.5 थ 28 |
||
| 100 | _aकेळकर ना.रा. | ||
| 245 | _aवक्तृत्व व ते कसे शिकावे. | ||
| 260 |
_bकिर्लोस्कर खबर,किर्लोस्करवाडी. _c1928 |
||
| 300 |
_a71 _b--- |
||
| 365 | _b0.36 | ||
| 520 | _aललित-भाषणकला. | ||
| 630 | _aवक्तृत्व व ते कसे शिकावे. | ||
| 650 | _aललित-भाषणकला. | ||
| 730 | _aवक्तृत्व व ते कसे शिकावे. | ||
| 942 | _cBOOK | ||
| 999 |
_c772819 _d772816 |
||